000 01827cam a22004814i 4500
003 PE-LiUPU
005 20250731165545.0
008 150625s r 000 0 d
035 _a(Sirsi) a33899
035 _a(Sirsi) a33899
040 _aPE-LiUPU
_bspa
_cPE-LiUPU
_erda
082 0 4 _a221.7
_bWBUL
_221
100 1 _aGoldingay, John E.,
_eautor.
245 1 0 _aDaniel.
_n30 /
_cJohn E. Goldingay.
264 1 _aDallas, Texas :
_bWord Books,
_c1989.
300 _a351 páginas ;
_c24 cm.
336 _atext
_2rdacontent
337 _aunmediated
_2rdamedia
338 _avolume
_2rdacarrier
505 0 _aTraslation and Commentary. -The God of heaven Reveals the king's dream to Daniel and the empire's destiny to Nebuchadnezzar. -God vindicates his power when three jews choose burning rather than apostasy. -Nebuchadnezzar testifies to kingship and satany threatened, lost, than Apostasy.
526 _aSEG44
526 _aSEG26
526 _aP151
526 _aP150
526 _aP149
526 _aP146
526 _aP145
526 _aP126
526 _aP125
526 _aP92
526 _aP75
526 _aP74
526 _aP27
526 _aP15
630 _aBiblia.
_pA.T.
_pDaniel
_xComentarios.
910 _a
942 _2ddc
_cBOOK
949 _aRC 221.7 WBC 30
_wDEWEY
_c1
_i37751
_lRC
_mBUL
_r0
_sY
_tBOOK
_u2015-6-25
_xBIBLIOTECA
_zUNKNOWN
_0COMPRA
_o.CIRCNOTE. No olvidar cambiar la fecha de devolución!!!!!!!
_o.STAFF. Colección General
994 _aC0
_bPEPRU
596 _a1
999 _aRC 221.7 WBC 30
_wDEWEY
_c41696
_i37751
_d41696
_e2016-11-9
_f2021-11-8
_g6
_lCCODEBUL1
_mBUL
_n2
_q23
_r1
_sY
_tBOOK
_u2015-6-25
_xTEOLOGIA
_zUNKNOWN
_0COMPRA
_o.CIRCNOTE. No olvidar cambiar la fecha de devolución!!!!!!!
_o.STAFF. Colección General
980 _81
_gALBERTO SANCHEZ Responsable de Automatización